State Capitals Closest to Cleveland - Statistics

General Stats
  • This quiz has been taken 118 times
  • The average score is 9 of 10
Answer Stats
Distance (Miles) State Capital % Correct
263.2 Indianapolis
97%
169.4 Lansing
97%
126.7 Columbus
94%
219 Charleston
93%
265.4 Harrisburg
92%
284.7 Frankfort
88%
355.8 Richmond
88%
325.1 Annapolis
83%
372.4 Trenton
76%
363.3 Dover
72%
No matching quizzes found
Score Distribution
Percent of People with Each Score
Percentile by Number Answered
Your Score History
You have not taken this quiz